000 01165cam a22003497a 4500
003 CHAP
005 20220329141245.0
008 971010s1956 r 00010 d
010 _a65262
011 _a66234
035 _a74251
040 _cCHAP
090 _aTesis
100 0 0 _aPérez Villafuerte, Miguel.
_990091
245 0 _aObra mixta de toma y drenaje en la margen derecha del Río Pánuco
260 _aChapingo, Méx. :
_bEl autor,
_c1956
300 _a106 h.
_b: ilus.
502 _aTesis (Ing. Agr. Esp. en Irrigación) -- ENA. Departamento de Irrigación
590 _aALEPH
_b10
_c20130110
_lUCH01
_h1355
590 _aBATCH-UPD
_b10
_c20130110
_lUCH01
_h0632
590 _aBATCH-UPD
_b10
_c20130410
_lUCH01
_h0316
590 _aBATCH-UPD
_b10
_c20130913
_lUCH01
_h2235
590 _aCONVERSION
_b10
_c20130109
_lUCH01
_h1336
650 1 4 _aAgua
_xAprovechamiento
_xTamaulipas.
_92305
650 1 4 _aDrenaje.
_934190
901 _aBK
942 _cFOLL
949 _bBC
_cTES
_d-117657
_eTS1
_i74251
_si
949 _bBC
_cTES
_d-117658
_eTS2
_fc.2
_i74251
_si
949 _bBC
_cTES
_d-117659
_eTS2
_fc.3
_i74251
_si
949 _bI
_cTES
_d-7110
_eTS1
_h453
_i74251
_si
999 _c65262
_d65262